A NavPress Bible study on the book of Romans. (Record no. 7269)

MARC details
000 -LEADER
fixed length control field 00926nam a2200217Ia 4500
003 - CONTROL NUMBER IDENTIFIER
control field GBCCL
005 - DATE AND TIME OF LATEST TRANSACTION
control field 20241126110624.0
008 - FIXED-LENGTH DATA ELEMENTS--GENERAL INFORMATION
fixed length control field 180723b ||||| |||| 00| 0 eng d
020 ## - INTERNATIONAL STANDARD BOOK NUMBER
International Standard Book Number 0891090738
040 ## - CATALOGING SOURCE
Transcribing agency gbc
082 ## - DEWEY DECIMAL CLASSIFICATION NUMBER
Classification number 227.1007
Item number NAV
110 ## - MAIN ENTRY--CORPORATE NAME
Corporate name or jurisdiction name as entry element Navigators
9 (RLIN) 10585
245 ## - TITLE STATEMENT
Title A NavPress Bible study on the book of Romans.
260 ## - PUBLICATION, DISTRIBUTION, ETC.
Date of publication, distribution, etc. Colorado Springs, Colo. :
Place of publication, distribution, etc. NavPress,
Name of publisher, distributor, etc. ©1987.
300 ## - PHYSICAL DESCRIPTION
Extent 213 pages ;
Dimensions 22 cm.
440 ## - SERIES STATEMENT/ADDED ENTRY--TITLE
Title Life change series.
9 (RLIN) 12866
505 ## - FORMATTED CONTENTS NOTE
Formatted contents note <br/>A NavPress Bible study emphasizing: personal discovery of God's Word; Application of Scripture to your daily life; Scene-setting historical insights; Mini leader's guides for small groups; Helpful word origins and definitions; Stimulating discussion questions; Challenging optional projects.
650 ## - SUBJECT ADDED ENTRY--TOPICAL TERM
Topical term or geographic name entry element Bible. -- Romans -- Study and teaching.
9 (RLIN) 12868
650 ## - SUBJECT ADDED ENTRY--TOPICAL TERM
Topical term or geographic name entry element Bible. -- Romans. Study skills.
9 (RLIN) 12869
942 ## - ADDED ENTRY ELEMENTS (KOHA)
Source of classification or shelving scheme Dewey Decimal Classification
Koha item type Books
Koha issues (borrowed), all copies 2
Holdings
Withdrawn status Lost status Source of classification or shelving scheme Damaged status Not for loan Home library Current Library Shelving location Date acquired Total checkouts Full call number Barcode Date last seen Date last checked out Copy number Price effective from Koha item type
    Dewey Decimal Classification     GRACE BIBLE COLLEGE GRACE BIBLE COLLEGE Biblical Studies 2018-07-23 3 227.1007 NAV 001262 2025-05-01 2025-02-28 c.1 2018-07-23 Books
    Dewey Decimal Classification     GRACE BIBLE COLLEGE GRACE BIBLE COLLEGE Biblical Studies 2022-02-03   227.1007 NAV 004823 2025-05-01   c.2 2022-02-03 Books
© Grace Bible College Library 2025